Phasmophobia quiz - Statistics

General Stats
  • This quiz has been taken 1,055 times
  • The average score is 38 of 71
Answer Stats
Type Answer % Correct
Ghost Spirit
92%
Ghost Demon
85%
Ghost Banshee
76%
Ghost The Mimic
76%
Ghost The Twins
75%
Ghost Oni
73%
Ghost Poltergeist
73%
Ghost Deogen
72%
Ghost Onryo
72%
Ghost Revenant
71%
Ghost Phantom
70%
Ghost Yokai
70%
Ghost Wraith
69%
Ghost Yurei
69%
Ghost Hantu
68%
Cursed Possessions Monkey Paw
68%
Ghost Moroi
68%
Starter Equipment Flashlight
67%
Ghost Jinn
67%
Cursed Possessions Ouija Board
67%
Starter Equipment Spirit Box
67%
Evidence Spirit Box
67%
Cursed Possessions Tarot Cards
67%
Ghost Mare
66%
Ghost Shade
66%
Cursed Possessions Music Box
65%
Cursed Possessions Voodoo Doll
65%
Ghost Goryo
64%
Ghost Obake
64%
Ghost Thaye
64%
Starter Equipment Video Camera
63%
Starter Equipment EMF Reader
61%
Evidence Ghost Writing
61%
Ghost Raiju
61%
Cursed Possessions Summoning Circle
61%
Starter Equipment D.O.T.S Projector
59%
Evidence D.O.T.S Projector
59%
Starter Equipment Thermometer
59%
Ghost Myling
58%
Optional Equipment Crucifix
53%
Starter Equipment UV Light
53%
Optional Equipment Photo Camera
52%
Optional Equipment Salt
52%
Evidence Ultraviolet
52%
Evidence Ghost Orbs
50%
Cursed Possessions Haunted Mirror
50%
Evidence EMF 5
48%
Evidence Freezing Temperatures
46%
Optional Equipment Incense
46%
Optional Equipment Motion Sensor
44%
Optional Equipment Firelight
42%
Location Sunny Meadows
41%
Optional Equipment Parabolic Microphone
40%
Optional Equipment Sound Sensor
39%
Optional Equipment Tripod
39%
Starter Equipment Ghost Writing Book
35%
Optional Equipment Head Gear
33%
Location Prison
33%
Optional Equipment Igniter
30%
Optional Equipment Sanity Medication
30%
Location Sunny Meadows Restricted
30%
Location 6 Tanglewood Drive
29%
Location Point Hope
29%
Location Camp Woodwind
27%
Location Brownstone Highschool
21%
Location Grafton Farmhouse
20%
Location 13 Willow Street
18%
Location Bleasdale Farmhouse
18%
Location Maple Lodge Campsite
17%
Location 42 Edgefield Road
16%
Location 10 Ridgeview Court
13%
No matching quizzes found
Score Distribution
Percent of People with Each Score
Percentile by Number Answered
Your Score History
You have not taken this quiz